The World's most visited tourist attractions - Statistics

General Stats
  • This quiz has been taken 173 times
  • The average score is 6 of 20
Answer Stats
City Tourist attraction % Correct
Orlando Disney World
79%
San Francisco Golden Gate Park
71%
State of NY/Ontario Niagara Falls
60%
Anaheim Disneyland Park
51%
Paris Disneyland Park
51%
Tokyo Disneyland Tokyo
51%
New York City Times Square
49%
New York City Central Park
40%
China Great Wall of China
37%
Las Vegas Las Vegas strip
37%
Beijing Forbidden City
33%
Paris Notre Dame Cathedral
25%
Paris Sacré Coeur Basilica
8%
Hong Kong Victoria Peak
8%
Washington D.C Union Station
7%
Istanbul Grand Bazaar
6%
San Francisco Pier 39
6%
Boston Faneuil Hall Marketplace
2%
New York City Grand Central Terminal
2%
Hong Kong Tsim Sha Tsui Waterfront
1%
No matching quizzes found
Score Distribution
Percent of People with Each Score
Percentile by Number Answered
Your Score History
You have not taken this quiz